Baseball Math Game - Statistics

General Stats
  • This quiz has been taken 5,527 times
    5,525 since last reset
  • The average score is 6 of 8
Answer Stats
Problem Answer % Correct
Derek Jeter gets 1 hit out of 5 at bats. What is his batting average? .200
93%
The Milwaukee Brewers win 81 of 162 regular season games. What is their win percentage? .50
88%
Miguel makes an error 1 time out of 20 attempts. What is his fielding percentage? .95
81%
CC Sabathia allows 2 earned runs in 6 innings pitched. What is his ERA? 3
80%
In 10 plate appearances, Ryan Howard gets hit by the pitch 1 time, gets 2 hits, and gets walked 1 time. What is his on base percentage? .400
77%
Curtis Granderson has played 81 games and hit 34 home runs. If he continues his current pace, how many home runs will he have at the end of the 162 game season? 68
76%
Justin Verlander wins 20 games and loses 5. What is his Win-Loss percentage? .80
75%
Prince Fielder has 4 at bats. He strikes out 2 times, hits 1 home run, and hits 1 single. What is his slugging percentage? 1.250
37%
No matching quizzes found
Score Distribution
Percent of People with Each Score
Percentile by Number Answered
Your Score History
You have not taken this quiz since the last reset